The Epistle of Paul to the Romans : (Record no. 7828)

MARC details
000 -LEADER
fixed length control field 01391cam a2200289 a 4500
001 - CONTROL NUMBER
control field 3814828
003 - CONTROL NUMBER IDENTIFIER
control field GBCCL
005 - DATE AND TIME OF LATEST TRANSACTION
control field 20241126110637.0
008 - FIXED-LENGTH DATA ELEMENTS--GENERAL INFORMATION
fixed length control field 850906r19831963enk b 000 0 eng
010 ## -
-- 85201510
020 ## - INTERNATIONAL STANDARD BOOK NUMBER
International Standard Book Number 0851118550 (IVP : pbk.)
020 ## - INTERNATIONAL STANDARD BOOK NUMBER
International Standard Book Number 0802814050 (Eerdmans)
040 ## - CATALOGING SOURCE
Original cataloging agency DLC
Transcribing agency DLC
Modifying agency DLC
050 00 -
-- BS2665.3
-- .B69 1983
082 00 - DEWEY DECIMAL CLASSIFICATION NUMBER
Classification number 225.7
Edition information 19
Item number TYN
100 1# - MAIN ENTRY--PERSONAL NAME
Personal name Bruce, F. F.
Fuller form of name (Frederick Fyvie),
Dates associated with a name 1910-1990.
9 (RLIN) 2999
245 14 - TITLE STATEMENT
Title The Epistle of Paul to the Romans :
Remainder of title an introduction and commentary /
Statement of responsibility, etc. by F.F. Bruce.
260 ## - PUBLICATION, DISTRIBUTION, ETC.
Place of publication, distribution, etc. London :
Name of publisher, distributor, etc. Tyndale Press ;
Place of publication, distribution, etc. Grand Rapids, Mich. :
Name of publisher, distributor, etc. W.B. Eerdmans Pub. Co.,
Date of publication, distribution, etc. 1963
300 ## - PHYSICAL DESCRIPTION
Extent 288 p. ;
Dimensions 20 cm.
440 #4 - SERIES STATEMENT/ADDED ENTRY--TITLE
Title The Tyndale New Testament commentaries ;
Volume/sequential designation 6
9 (RLIN) 13694
500 ## - GENERAL NOTE
General note Reprint. Originally published: Grand Rapids, Mich. : Eerdmans, 1963.
504 ## - BIBLIOGRAPHY, ETC. NOTE
Bibliography, etc. note Bibliography: p. 285-288.
505 ## - FORMATTED CONTENTS NOTE
Formatted contents note v.1 Matthew.-- v.2 Mark.-- v.3 Luke.-- v.4 John.-- v.5 Acts.-- v.6 Romans.-- v.7 I Corinthians.-- v.8 II Corinthians.-- v.9 Galatians.-- v.10 Ephesians.-- v.11 Philippians.-- v.12 Colossians and Philemon.-- v.13 I,II Thessalonians.-- v.14 Pastoral Epistles.-- v.15 Hebrews.-- v.16 James.-- v.17 I Peter.-- v.18 II Peter, Jude.-- v.19 I, II,III John.-- v.20 Revelation.
630 00 - SUBJECT ADDED ENTRY--UNIFORM TITLE
Uniform title Bible.
Name of part/section of a work Romans
General subdivision Commentaries.
9 (RLIN) 3481
906 ## - LOCAL DATA ELEMENT F, LDF (RLIN)
a 7
b cbc
c orignew
d 3
e ncip
f 19
g y-gencatlg
942 ## - ADDED ENTRY ELEMENTS (KOHA)
Source of classification or shelving scheme Dewey Decimal Classification
Koha item type Books
Koha issues (borrowed), all copies 6
Holdings
Withdrawn status Lost status Source of classification or shelving scheme Damaged status Not for loan Home library Current Library Shelving location Date acquired Total checkouts Full call number Barcode Date last seen Date last checked out Copy number Price effective from Koha item type
    Dewey Decimal Classification     GRACE BIBLE COLLEGE GRACE BIBLE COLLEGE Biblical Studies 2018-10-08 3 225.7 TYN 004111 2025-05-01 2025-02-24 v.6 2018-10-08 Books
    Dewey Decimal Classification     GRACE BIBLE COLLEGE GRACE BIBLE COLLEGE Biblical Studies 2018-10-10 5 225.7 TYN 004144 2025-05-01 2025-02-24 v.6 c.2 2018-10-10 Books
© Grace Bible College Library 2025